000 00983nas a2200313 4500
001 BR2012008558
003 BR-BrBNA
005 20231205121512.0
007 ta
008 230509b bl.|||p| |||| 00| 00por d
040 _aBR-BrBNA
_bpor
_cBiblioteca Nacional de Agricultura
041 _a(Pt)
072 _aP33; F08
100 1 _aPauletto, E.A.
100 1 _aBorges, J.R.
100 1 _aSousa, R.O. de
100 1 _aPinto, L.F.S.
100 1 _aSilva, J.B. de
100 1 _aLeitzke, V.W.
245 1 _aAvaliação da densidade e da porosidade de um gleissolo submetido a diferentes sistemas de cultivo e diferentes culturas
650 _aARROZ IRRIGADO
650 _aSISTEMA DE CULTIVO
650 _aROTAÇÃO DE CULTURA
650 _aSOLO
650 _aPOROSIDADE
773 0 _tRevista Brasileira de Agrociência (Brazil)
_xISSN 0104-8996
_g(Apr-Jun 2005), v. 11(2) p. 207-210
_wBR2012008558
909 _a202311
_bLúcia
_c55
_dLúcia Elande
942 _2AGRIS
_n0
_cANA
999 _c223864
_d223864